| 000 | 00565nam a2200181 i 4500 | ||
|---|---|---|---|
| 001 | 146027 | ||
| 003 | ES-MaACL | ||
| 005 | 20240529062948.0 | ||
| 007 | t| | ||
| 008 | 071018s1961 sp ||||1| spa d | ||
| 100 | 1 |
_aVega, Lope de, _d1562-1635 _9113563 |
|
| 245 | 1 | 3 |
_aEl villano en su rincón / _cLope de Vega ; edición, estudio preliminar y notas de Alonso Zamora Vicente. |
| 260 |
_aMadrid : _bGredos, _c[1961] |
||
| 300 |
_a171 p. ; _c18 cm. |
||
| 700 | 1 |
_aZamora Vicente, Alonso. _9117952 |
|
| 852 |
_aES-MaACL _jC-20717 _bR.48901 |
||
| 999 |
_c146027 _d146027 |
||